| 000 | 00490nam a22001692 4500 | ||
|---|---|---|---|
| 001 | 0000024647 | ||
| 005 | 20151217161644.0 | ||
| 008 | 140123s xx 000 0 eng d | ||
| 040 |
_aKABU _cKABU |
||
| 100 | 1 |
_aAyuma, Abukuse Elinah. _@0000185029 |
|
| 245 | 1 | 0 |
_aRight to nationality : _bthe national identity card crisis in Kenya / _cAbukuse Elinah Ayuma. |
| 260 | _c2013. | ||
| 300 | _avii, 43 leaves. | ||
| 908 | _a140123 | ||
| 950 | _@1 | ||
| 999 |
_c15489 _d15489 |
||